000 00486nam a2200145Ia 4500
008 100122s9999 xx 000 0 und d
082 _b13450
_a928.23
100 _aदेशपांडे माधव का.
245 _aकादंबरीकार फडके
260 _bव्हीनस प्रकाशन
_c1965
300 _a298
630 _aकादंबरीकार फडके
730 _aकादंबरीकार फडके
942 _cBOOK
999 _c404271
_d404268